00607nam a22001937a 4500010001300000020002600013035001300039037003700052082001100089100002100100245008900121250001200210260004900222270004500271300002100316500002800337700002900365700001900394 aB-741846 a9780070597884c295.00 aB-741846 bTata McGraw-Hill Publishing/Gift14a658.151 aRoss, Stephen A.1 acorpoprate finance /cby Stephen A.Ross, Randolph W. Westerfield [and] jeffery jaffe a12th ed aNew DelhibTata McGraw-Hill Publishingc2012 a7, West Patel Nagar,bNew Delhie110 008 a942p.c24cm(Pbk) aIncludes Subject index1 aWesterfield, Randolph W.1 aJaffe, Jeffrey